Komparatívna analýza daňového zaťaženia podnikateľov SR a ČR diplomová práca

Enregistré dans:
Détails bibliographiques
Auteur principal: Tureková, Stanislava
Collectivité auteur: Fakulta hospodárskej informatiky EU. Katedra účtovníctva a audítorstva
Autres auteurs: Baštincová, Anna
Format: Livre
Langue:slovaque
Publié: Bratislava 2009
Tags: Ajouter un tag
Pas de tags, Soyez le premier à ajouter un tag!

MARC

LEADER 00000nam$a2200000$$$4500
001 0101067
005 20240318134701.7
041 0 |a slo 
044 |a SK 
245 1 0 |a Komparatívna analýza daňového zaťaženia podnikateľov SR a ČR  |b diplomová práca  |c Stanislava Tureková ; škol. Anna Baštincová 
264 1 |a Bratislava  |c 2009 
300 |a 66 s. 
100 1 |a Tureková, Stanislava 
700 1 |a Baštincová, Anna 
710 2 |a Fakulta hospodárskej informatiky EU. Katedra účtovníctva a audítorstva